000 00501nam a2200181Ia 4500
005 20250508150333.0
008 008 250505s9999 xx 000 0 hin d
037 _aTextual
040 _aFEDL
_beng
_cFEDL
041 _ahin
_2hin
084 _a891.431, MAL
_qFEDL
100 _aMal Vijay Sankar
_9756438
245 0 _aHindi kavya me pragatiwad
260 _aBanaras, India
_bSaraswati Press
_c1947
300 _a156p.
942 _cTEXL
_h891.431, MAL
999 _c1323071
_d1323071